| 000 | 02014nam0a22002771 4500 | ||
|---|---|---|---|
| 001 | rc\4895361 | ||
| 005 | 20130426152318.2 | ||
| 021 |
_aRU _b[61-17298] |
||
| 035 | _a(NLR Aleph) 008831591 | ||
| 090 |
_a8285880 _c8285880 |
||
| 100 | _a20130426d1961 |||y0rusy50 ca | ||
| 101 | 0 | _arus | |
| 102 | _aRU | ||
| 105 | _aa z |||a| | ||
| 200 | 1 |
_aЗагадка озера Кара-нор _eРассказы _f[Ил.: Г.А. Петров] |
|
| 210 |
_aМосква _cСов. писатель _d1961 |
||
| 215 |
_a190 с. _cил. _d20 |
||
| 327 | 1 | _aСодерж.: Что лучше?; Голубая стойка Заратустры; Овидий в изгнании; Трюм и палуба; Возвращение мечты; В орлином гнезде "Старца горы"; Скоморошья потеха; "Демон горы"; "Ватан"; Письмо из скифского стана; Три счастливейших дня Бухары; В песках Каракума; Плавильщики Ванджа; Загадка озера Кара-нор; Партизанская выдержка, или Валенки летом | |
| 464 | 0 | _12001#$aЧто лучше?$aГолубая стойка Заратустры$aОвидий в изгнании$aТрюм и палуба$aВозвращение мечты$aВ орлином гнезде "Старца горы"$aСкоморошья потеха$a"Демон горы"$a"Ватан"$aПисьмо из скифского стана$aТри счастливейших дня Бухары$aВ песках Каракума$aПлавильщики Ванджа$aЗагадка озера Кара-нор$aПартизанская выдержка, или Валенки летом | |
| 700 | 1 |
_aЯн _bВ. Г. _f1875-1954 _gВасилий Григорьевич _3RU\NLR\auth\7716860 |
|
| 702 | 1 |
_aПетров _bГ. А. _4440 |
|
| 801 | 0 |
_aRU _bNLR _gpsbo |
|
| 801 | 1 |
_aRU _bELAR _2rusmarc |
|
| 852 |
_aNLR _j61-3/1554 |
||
| 942 | _cBOOK | ||
| 980 | _aNB | ||